000
00311nam a2200133Ia 4500
008
210312s9999||||xx |||||||||||||| ||und||
041
_a
osm
050
_a
PL248
050
_b
M877.D58
100
_a
Mustafa Zekai
245
0
_a
Divan-ı Zekayi
260
_c
1872
650
_a
Edebiyat--Fransız edebiyatı--Şiir
999
_c
21934
_d
21934